Excavations at St James's Priory, Bristol (Record no. 62415)

MARC details
000 -LEADER
fixed length control field 01469nam a2200229Ii 4500
008 - FIXED-LENGTH DATA ELEMENTS--GENERAL INFORMATION
fixed length control field 221202s xx 000 0 und d
100 1# - MAIN ENTRY--PERSONAL NAME
Personal name Jackson, Reg,
Relator term author
245 #0 - TITLE STATEMENT
Title Excavations at St James's Priory, Bristol
264 #1 - PRODUCTION, PUBLICATION, DISTRIBUTION, MANUFACTURE, AND COPYRIGHT NOTICE
Place of production, publication, distribution, manufacture [Place of publication not identified] :
Name of producer, publisher, distributor, manufacturer [Publisher not identified],
Date of production, publication, distribution, manufacture, or copyright notice 2006
300 ## - PHYSICAL DESCRIPTION
Extent 1 online resource
336 ## - CONTENT TYPE
Content type term text
Content type code txt
Source rdacontent
337 ## - MEDIA TYPE
Media type term computer
Media type code c
Source rdamedia
338 ## - CARRIER TYPE
Carrier type term online resource
Carrier type code cr
Source rdacarrier
520 ## - SUMMARY, ETC.
Summary, etc. The Benedictine Priory of St James was established just outside the medieval city of Bristol in 1129AD. Two areas were excavated: Site 1 to the east of the Priory church, and Site 2 to the west. The Priory was largely destroyed during the Dissolution of 1540, but the area around Site 1 remained in use during the 17th and 18th centuries as housing was built there. Site 2 was in use from the late Saxon period to the 20th century. This publication presents the results of excavations carried out at Site 1 from 1989 and 1995, and from Site 2 from 1994 and '95, along with those obtained from a watching brief, kept during landscaping work in 1997. There are also specific chapters on finds and burials.
653 ## - INDEX TERM--UNCONTROLLED
Uncontrolled term Archaeology
653 ## - INDEX TERM--UNCONTROLLED
Uncontrolled term Europe
653 ## - INDEX TERM--UNCONTROLLED
Uncontrolled term History
653 ## - INDEX TERM--UNCONTROLLED
Uncontrolled term Medieval
653 ## - INDEX TERM--UNCONTROLLED
Uncontrolled term Social Science
856 ## - ELECTRONIC LOCATION AND ACCESS
Uniform Resource Identifier <a href="https://library.oapen.org/bitstream/20.500.12657/45818/1/external_content.pdfhttps://library.oapen.org/handle/20.500.12657/45818">https://library.oapen.org/bitstream/20.500.12657/45818/1/external_content.pdfhttps://library.oapen.org/handle/20.500.12657/45818</a>
942 ## - ADDED ENTRY ELEMENTS (KOHA)
Koha item type E-Book
Holdings
Withdrawn status Damaged status Not for loan Home library Current library Date acquired Total Checkouts Date last seen Price effective from Koha item type
      Directory of Open Access Books Directory of Open Access Books 11/28/2022   11/28/2022 11/28/2022 E-Book

University of Rizal System
Email us at univlibservices@urs.edu.ph

Visit our Website www.urs.edu.ph/library